| 000 | 01442cam a22002054a 4500 | ||
|---|---|---|---|
| 005 | 20250605164150.0 | ||
| 008 | 250528s ||||||||||||||||||||||||d | ||
| 035 | _a19349 | ||
| 020 | _a9602780770 | ||
| 040 |
_aGR-AtMCL _bgre _dGR-AtMCL _eAACR2 |
||
| 245 | 1 | _aΨυχολογία στη Φυσική Αγωγή και τον Αθλητισμό | |
| 260 | _c1990 | ||
| 300 | _a304 | ||
| 520 | _aΣτο βιβλίο αυτό ο αναγνώστης θα βρει απαντήσεις σε πολλά από τα ερωτήματα που έχει, σχετικά με την Ψυχολογία του Αθλητή και της Ομάδας. Πρόλογος, Εισαγωγή, Η Ιστορία και η Εξέλιξη της Αθλητικής Ψυχολογίας, Ψυχολογική Θεώρηση του Παιχνιδιού, Η Παρακίνηση, Στοιχεία Κινητικής Μάθησης, Η Προσωπικότητα των Αθλητών, Ψυχολογικές Πτυχές του Παιδικού Αθλητισμού, Η Ηγεσία στον Αθλητισμό, Η Ψυχολογία της Ομάδας, Η Έρευνα στην Αθλητική Ψυχολογία, Γλωσσάρι, Ευρετήριο Πινάκων και Σχημάτων, Θεματικό Ευρετήριο. | ||
| 700 | 1 |
_aSalto _95599 |
|
| 700 | 1 | _aΔογανής Γιώργος | |
| 942 | _cBK | ||
| 999 |
_c4608 _d4608 |
||